000 01207cam a22003377i 4500
001 23553572
003 EG-ScBUE
005 20250514103152.0
008 240206s2023 nyu f 000 1 eng d
020 _a9781538766941
020 _a1538766949
035 _a(OCoLC)on1410897303
040 _aGCmBT
_beng
_erda
_cIHE
_dIHE
_dOCLCO
_dOCLCQ
_dOCLCL
_dDLC
_dEG-ScBUE
043 _an-us-me
082 0 4 _a813.6
_222
_bSHE
100 1 _aSheridan, Mia,
_eauthor.
245 1 0 _aArcher's voice /
_cMia Sheridan.
250 _aAnnotated special edition.
264 1 _aNew York :
_bForever,
_c2023.
300 _a388 pages ;
_c24 cm
336 _atext
_2rdacontent
_btxt
337 _aunmediated
_2rdamedia
_bn
338 _avolume
_2rdacarrier
_bnc
520 _aAfter her father is murdered, a young woman falls in love with Archer, a reclusive man who is mute as the result of a childhood accident, as they both try to overcome the trauma of their past and forge a commitment to each other.
650 7 _aMan-woman relationships
_vFiction.
_2BUEsh
650 7 _aMute persons
_vFiction.
_2BUEsh
651 7 _aMaine
_vFiction.
_2BUEsh
653 _cMay2025
_bHHUUEENN
655 _vReading book
942 _2ddc
_cBB
999 _c30989
_d30960